000 00518nam a2200181Ia 4500
005 20250326123424.0
008 250326s9999 xx 000 0 und d
037 _aTextbook
040 _aFMSL
_beng
_cFMSL
041 _aeng
_2eng
084 _aX:891.1 P4
_qFMSL
100 _aSen S
_9101098
245 0 _aGlobal fice at risk on real stagnation and instability
_cSen S
260 _aOxford
_bOxford, Oxford University
_c2004
300 _a194p
942 _cTB
_hX:891.1 P4
999 _c1269304
_d1269304